| 000 | 01528cam a22003131i 4500 | ||
|---|---|---|---|
| 003 | SA-RiAUC | ||
| 005 | 20250410084302.0 | ||
| 008 | 250408s1999 sy g b 00000 ara c | ||
| 020 | _a1575475340 | ||
| 040 |
_aSA-RiAUC _bara _cSA-RiAUC _erda |
||
| 082 | 0 | 4 |
_a259.3 _qSA-RiAUC |
| 090 |
_a259.3 _b ا ب ن ع |
||
| 100 | 1 |
_aابن عبد السلام، عبد العزيز بن عبد السلام بن أبي القاسم، _d577-660 هجري _eمؤلف. |
|
| 245 | 1 | 2 |
_aالفتاوى الموصلية / _cتأليف العز بن عبد السلام عز الدين عبد العزيز بن عبد السلام السلمى ؛ تحقيق إياد خالد الطباع. |
| 250 | _aالطبعة الأولى. | ||
| 264 | 1 |
_aدمشق : _bدار الفكر، _c1999 |
|
| 300 |
_a168 صفحة ؛ _c24 سم. |
||
| 336 |
_aنص _btxt _2rdacontent _3كتاب |
||
| 337 |
_aبدون وسيط _bn _2rdamedia |
||
| 338 |
_aمجلد _bnc _2rdacarrier |
||
| 490 | 0 |
_aمؤلفات الإمام العز بن عبد السلام ؛ _v14 |
|
| 504 | _aببليوجرافية : صفحة 160-163. | ||
| 650 | 7 |
_aالفقه الشافعي _2aucsh |
|
| 650 | 7 |
_aالفقه الإسلامي _2aucsh |
|
| 700 | 1 |
_aالطباع، إياد خالد، _d1962- _eمحقق. |
|
| 700 | 1 | 2 |
_iتحقيق لـ (عمل) : _aابن عبد السلام، عبد العزيز بن عبد السلام بن أبي القاسم، _d577-660 هجري. _tالفتاوى الموصلية. |
| 942 |
_2ddc _cBOOK _n0 |
||
| 949 |
_aSA-JeALM _d250408 _umohamedma123 _n1 |
||
| 999 |
_c6853 _d6853 |
||